000 00305nam a22001337a 4500
008 171006b xxu||||| |||| 00| 0 eng d
020 _a9780195149388
041 _aeng
080 _a159.9
100 _a49
101 _aPSI
245 _aTHEORY AND PRACTICE OF PSYCHIATRY
_cCOHEN, B.J
942 _2udc
_cBK
999 _c32221
_d32221